000 00470nam a2200169Ia 4500
003 GCL
008 140319s9999 xx 000 0 eng d
040 _aGCL /
_cGCL
082 0 4 _aCC
_b726.8
_bS S
100 1 _aSCHNEIDER, MADELEINE
245 1 0 _aSTELES FUNERAIRES MUSLAMANES DES ILES DAHLAK ( MER ROUGE ) /
_cSCHNEIDER, MADELEINE
260 _a[S.N] :
_bIFAO
650 0 4 _aEGYPT - TOMBS
650 0 4 _aISLAMIC ART - EGYPT
650 0 4 _aROCK - TOMBS
942 _2ddc
_cBK
999 _c15227
_d15227